Sports Quiz

Random Sports or Baseball Quiz

MLB Most 30 Stolen Bases Seasons Quiz Stats

 Plays Quiz not verified by Sporcle

Challenge
Share
Tweet
Embed
Score 0/30 Timer 08:00
0 Plays Today
Years Played Player % Correct
1979-2003Rickey Henderson
99.1%
1905-1928Ty Cobb
86.9%
1961-1979Lou Brock
85%
1979-2002Tim Raines
75.2%
1985-1997Vince Coleman
69.5%
1968-1981Bobby Bonds
66.4%
1986-2007Barry Bonds
66.4%
1897-1917Honus Wagner
61.7%
2000-Juan Pierre
59.3%
2001-Ichiro Suzuki
58.4%
1959-1972Maury Wills
56.6%
1978-1996Ozzie Smith
54.9%
1991-2007Kenny Lofton
54.6%
1976-1994Willie Wilson
50%
1963-1984Joe Morgan
48.5%
Years Played Player % Correct
2000-Jimmy Rollins
40.5%
1906-1930Eddie Collins
38.7%
1983-1999Otis Nixon
37.2%
1978-1998Paul Molitor
31.2%
1988-2004Roberto Alomar
30.8%
1972-1987Davey Lopes
28.8%
1981-1997Brett Butler
26.3%
1970-1986Cesar Cedeno
25%
1964-1983Bert Campaneris
23.7%
1910-1929Max Carey
23.2%
1992-2006Eric Young
22.8%
1981-1994Steve Sax
18.4%
1990-2002Delino DeShields
13.3%
1968-1981Freddie Patek
8.6%
1908-1923Donie Bush
1.5%

You're not logged in!

Compare scores with friends on all Sporcle quizzes.
Join for Free
OR
Log In

You Might Also Like...

Show Comments

Extras

Top Quizzes Today


Score Distribution

Your Account Isn't Verified!

In order to create a playlist on Sporcle, you need to verify the email address you used during registration. Go to your Sporcle Settings to finish the process.

Report this User

Report this user for behavior that violates our Community Guidelines.

Details: